| 000 | 00544nam a2200217Ia 4500 | ||
|---|---|---|---|
| 008 | 180523s9999 xx 000 0 und d | ||
| 020 | _a981-247-053-0 | ||
| 050 | _aMAIN HF 5548.32 | ||
| 050 | _b.A93 2003 | ||
| 100 | _aAwad, Elias M. | ||
| 245 | 0 | _aElectronic commerce / | |
| 245 | 0 | _cElias M. Awad. | |
| 260 | _aSingapore: | ||
| 260 | _bPearson Education South Asia, | ||
| 260 | _c2003 | ||
| 300 | _a497 pages : | ||
| 300 | _billustrations ; | ||
| 300 | _c22 cm. | ||
| 500 | _aIncludes index. | ||
| 650 | _aElectronic commerce. | ||
| 999 |
_c357129 _d357129 |
||